000
00302nam a22001337a 4500
008
170413b xxu||||| |||| 00| 0 eng d
020
_a
9780683303919
041
_a
eng
080
_2
3 ED
_a
618
100
_a
10
101
_a
SHM
245
_a
OBSTETRICS GYNECOLOGY
_c
BECKMANN.CH.R.B
942
_2
udc
_c
BK
999
_c
10613
_d
10613